<?xml version="1.0" encoding="UTF-8"?>
<record
    xmlns:xsi="http://www.w3.org/2001/XMLSchema-instance"
    xsi:schemaLocation="http://www.loc.gov/MARC21/slim http://www.loc.gov/standards/marcxml/schema/MARC21slim.xsd"
    xmlns="http://www.loc.gov/MARC21/slim">

  <leader>01922cam a22002415a 4500</leader>
  <controlfield tag="001">17889416</controlfield>
  <controlfield tag="005">20160121093009.0</controlfield>
  <controlfield tag="008">130917t2014    enkakb frb    001 0 eng d</controlfield>
  <datafield tag="020" ind1=" " ind2=" ">
    <subfield code="a">9780415633086 (pbk : alk. paper)</subfield>
  </datafield>
  <datafield tag="040" ind1=" " ind2=" ">
    <subfield code="a">DLC</subfield>
    <subfield code="b">eng</subfield>
    <subfield code="c">DLC</subfield>
    <subfield code="d">EG-ScBUE</subfield>
    <subfield code="d">EG-ScBUE</subfield>
  </datafield>
  <datafield tag="082" ind1="0" ind2="4">
    <subfield code="a">341.45</subfield>
    <subfield code="b">ZAC</subfield>
    <subfield code="2">22</subfield>
  </datafield>
  <datafield tag="100" ind1="1" ind2=" ">
    <subfield code="a">Zacharias, Mark,</subfield>
    <subfield code="d">1967-&#x200F;</subfield>
    <subfield code="9">39121</subfield>
  </datafield>
  <datafield tag="245" ind1="1" ind2="0">
    <subfield code="a">Marine policy :</subfield>
    <subfield code="b">an introduction to governance and international law of the oceans /</subfield>
    <subfield code="c">Mark Zacharias.</subfield>
  </datafield>
  <datafield tag="260" ind1=" " ind2=" ">
    <subfield code="a">Abingdon ;</subfield>
    <subfield code="a">New York :</subfield>
    <subfield code="b">Earthscan / Routledge,</subfield>
    <subfield code="b">Routledge / Taylor &amp; Francis Group,</subfield>
    <subfield code="c">c.2014.</subfield>
  </datafield>
  <datafield tag="300" ind1=" " ind2=" ">
    <subfield code="a">xxii, 313 p. :</subfield>
    <subfield code="b">forms, maps, tables ;</subfield>
    <subfield code="c">25 cm.</subfield>
  </datafield>
  <datafield tag="500" ind1=" " ind2=" ">
    <subfield code="a">Index : p. 305-313.
</subfield>
  </datafield>
  <datafield tag="504" ind1=" " ind2=" ">
    <subfield code="a">Includes bibliographical references..</subfield>
  </datafield>
  <datafield tag="505" ind1="0" ind2=" ">
    <subfield code="a">Introduction to the marine environment : the structure and function of the world's oceans -- An introduction to international law : international marine law and United Nations Convention on the Law of the Sea -- An introduction to policy : instruments for marine law and policy -- Developing and analyzing policies : an introduction to policy analysis -- Marine environmental protection policy : international efforts to address threats to marine biodiversity -- International fisheries policy : sustaining global fisheries for the long term -- Marine transportation and safety policy : the operation and regulation of international shipping -- International law and policy of the polar oceans : governing the southern and Arctic oceans -- International law and policy related to offshore energy and mining : renewable and non-renewable resource development on continental shelves and in the area -- Integrated approaches to ocean management : putting policy into practice and managing across sectors -- Conclusion : a report card on ocean management.</subfield>
  </datafield>
  <datafield tag="650" ind1=" " ind2="7">
    <subfield code="a">Law of the sea.</subfield>
    <subfield code="2">BUEsh</subfield>
    <subfield code="9">36993</subfield>
  </datafield>
  <datafield tag="651" ind1=" " ind2=" ">
    <subfield code="2">BUEsh</subfield>
  </datafield>
  <datafield tag="653" ind1=" " ind2=" ">
    <subfield code="b">BUSBOL</subfield>
    <subfield code="c">July2015</subfield>
    <subfield code="c">January2016</subfield>
  </datafield>
  <datafield tag="942" ind1=" " ind2=" ">
    <subfield code="2">ddc</subfield>
  </datafield>
  <datafield tag="999" ind1=" " ind2=" ">
    <subfield code="c">20324</subfield>
    <subfield code="d">20296</subfield>
  </datafield>
  <datafield tag="952" ind1=" " ind2=" ">
    <subfield code="0">0</subfield>
    <subfield code="1">0</subfield>
    <subfield code="2">ddc</subfield>
    <subfield code="4">0</subfield>
    <subfield code="7">0</subfield>
    <subfield code="8">Baccah</subfield>
    <subfield code="a">MAIN</subfield>
    <subfield code="b">MAIN</subfield>
    <subfield code="c">1ST</subfield>
    <subfield code="d">2015-07-09</subfield>
    <subfield code="e">Purchase</subfield>
    <subfield code="g">308.00</subfield>
    <subfield code="h">21782</subfield>
    <subfield code="l">1</subfield>
    <subfield code="m">2</subfield>
    <subfield code="o">341.45 ZAC</subfield>
    <subfield code="p">000039384</subfield>
    <subfield code="r">2025-07-15 00:00:00</subfield>
    <subfield code="s">2019-02-13</subfield>
    <subfield code="v">385.00</subfield>
    <subfield code="y">BB</subfield>
  </datafield>
</record>
